| Tag |
First Indicator |
Second Indicator |
Subfields |
| LEADER |
00000cam a2200000 a 4500 |
| 001 |
in00000009261 |
| 005 |
20151007051518.0 |
| 008 |
870721s1987 cou b 00100 eng |
| 010 |
|
|
|a 87021686
|
| 020 |
|
|
|a 081337457X (pbk. : alk. paper) :
|c $31.50
|
| 035 |
|
|
|a (OCoLC)16405346
|
| 035 |
|
|
|9 AAA3342AM
|
| 040 |
|
|
|a DLC
|c DLC
|d TXA
|d UtOrBLW
|
| 043 |
|
|
|a e-ur---
|a a------
|
| 049 |
|
|
|a TXAM
|c [A11027313]
|
| 050 |
0 |
0 |
|a DS33.4.S65
|b S69 1987
|
| 082 |
0 |
|
|a 327.4705
|2 19
|
| 245 |
0 |
4 |
|a The Soviet Union as an Asian Pacific power :
|b implications of Gorbachev's 1986 Vladivostok initiative /
|c edited by Ramesh Thakur and Carlyle A. Thayer.
|
| 264 |
|
1 |
|a Boulder :
|b Westview Press ;
|a South Melbourne :
|b Macmillan Australia,
|c 1987.
|
| 300 |
|
|
|a vi, 236 pages ;
|c 23 cm.
|
| 336 |
|
|
|a text
|b txt
|2 rdacontent
|
| 337 |
|
|
|a unmediated
|b n
|2 rdamedia
|
| 338 |
|
|
|a volume
|b nc
|2 rdacarrier
|
| 490 |
1 |
|
|a Westview special studies in international security
|
| 504 |
|
|
|a Includes bibliographies and index.
|
| 651 |
|
0 |
|a Asia
|x Foreign relations
|z Soviet Union.
|
| 651 |
|
0 |
|a Soviet Union
|x Foreign relations
|z Asia.
|
| 651 |
|
0 |
|a Soviet Union
|x Foreign relations
|y 1975-1985.
|
| 651 |
|
0 |
|a Soviet Union
|x Politics and government
|y 1953-1985.
|
| 600 |
1 |
0 |
|a Gorbachev, Mikhail Sergeevich,
|d 1931-
|
| 700 |
1 |
|
|a Thakur, Ramesh Chandra,
|d 1948-
|
| 700 |
1 |
|
|a Thayer, Carlyle A.
|
| 830 |
|
0 |
|a Westview special studies in international security.
|
| 999 |
|
|
|a MARS
|
| 999 |
f |
f |
|s 5b5559f7-3c2b-3e2c-9aa9-ffff61703b5f
|i ab07fe0f-bc66-39bf-9111-8874330d20d5
|t 0
|
| 952 |
f |
f |
|p ric
|a Texas A&M University
|b Rellis Campus
|c Joint Library Facility
|d Remote Storage
|t 0
|e DS33.4.S65 S69 1987
|h Library of Congress classification
|i unmediated -- volume
|m A14811027313
|
| 998 |
f |
f |
|a DS33.4.S65 S69 1987
|t 0
|l Remote Storage
|